Statystyki dla Miasta w Polsce powyżej 100 tys. mieszkańców

Kliknij tutaj aby rozwiązać quiz!

Ogólne statystyki

  • Ten quiz został rozwiązany 47 razy
  • Średni wynik to 29 z 37

Statystyki odpowiedzi

HintOdpowiedź% Poprawnych
1 861 975Warszawa
100%
328 370Bydgoszcz
97%
486 492Gdańsk
97%
804 282Kraków
97%
658 444Łódź
97%
197 536Rzeszów
97%
195 263Toruń
97%
292 600Białystok
94%
390 278Szczecin
94%
674 132Wrocław
94%
331 243Lublin
92%
242 141Gdynia
89%
115 847Gorzów Wielkopolski
89%
168 212Olsztyn
89%
541 316Poznań
89%
280 190Katowice
86%
196 918Radom
86%
139 278Zielona Góra
86%
112 483Płock
83%
189 178Sosnowiec
83%
208 282Częstochowa
81%
183 885Kielce
78%
155 430Zabrze
78%
171 023Gliwice
75%
126 755Opole
75%
103 229Chorzów
72%
113 567Elbląg
69%
166 765Bielsko-Biała
67%
105 905Koszalin
67%
103 515Tarnów
67%
101 450Włocławek
64%
149 576Bytom
56%
131 323Rybnik
50%
132 766Ruda Śląska
47%
101 082Wałbrzych
47%
115 955Dąbrowa Górnicza
44%
124 139Tychy
42%

Rozkład punktacji

Percentyl według liczby udzielonych odpowiedzi

Procent ludzi z każdym wynikiem

Twoja historia wyników

Nie rozwiązałeś tego quizu